000 00410nam a2200145Ia 4500
008 211118s9999||||xx |||||||||||||| ||und||
082 _a894.812 09
_bAPP-K
100 _aAppan, K P
245 0 _aKatha:Akyanavum Anubhavasathayum
260 _bDC Books
_aKottayam
_c1999
300 _a163p.
630 _xGeneral Stack
650 _aMalayalam Literature
_vMalayalam Literary DescriptionGeneralia
942 _cBOOK
999 _c95072
_d95072